Písně

Hlavní autor: Mahler, Gustav, 1860-1911
Korporativní autor: Pražská komorní filharmonie
Další autoři: Bělohlávek, Jiří, 1946-2017, Pecková, Dagmar, 1961-
Jazyk: Němčina
Vydáno: Praha : Supraphon Records, p1996
Témata:
Fyzický popis: 1 CD : DDD ; 12 cm + 1 brožura (30 s.).
Zvukové nahrávky
Uloženo v:
LEADER 01687njm a2200397 a 4500
001 000379423
003 CZ BrMZK
005 19980105143423.0
008 980105s1996 xr f ger d
028 0 3 |a 3030-2 231  |b Supraphon Records 
040 |a BOA001  |b cze 
080 |a 784.087.612.3(086.7)  |2 MRF 
080 |a 78.082.1"19"(086.7)  |2 MRF 
100 1 |a Mahler, Gustav,  |d 1860-1911  |7 jn19990009922  |4 cmp 
245 1 0 |a Písně  |h [zvukový záznam] /  |c Gustav Mahler. 
246 3 3 |a Symphony no. 5 in C sharp minor 
246 3 3 |a Fünf Lieder nach Gedichten von Friedrich Rückert 
246 3 3 |a Kindertotenlieder 
246 3 3 |a Lieder eines fahrenden Gesellen 
260 |a Praha :  |b Supraphon Records,  |c p1996 
300 |a 1 CD :  |b DDD ;  |c 12 cm +  |e 1 brožura (30 s.). 
306 |a 011425 
500 |a Text a texty písní v brož. vícejaz. 
500 |a Nahr. 1995 
500 |a Durata 74:25 
505 2 |a Lieder eines fahrenden Gesellen, Kindertotenlieder, Fünf Lieder nach Gedichten von Friedrich Rückert ... [et al.] 
511 0 |a Dagmar Pecková, mezzosoprán. Pražská komorní filharmonie, dir. Jiří Bělohlávek 
653 0 |a koncertní písně  |a mezzosoprán  |a písňové cykly  |a romantická hudba  |a symfonický orchestr  |a symfonie 
700 1 |a Bělohlávek, Jiří,  |d 1946-2017  |7 jn19990201024  |4 cnd 
700 1 |a Pecková, Dagmar,  |d 1961-  |7 jn19990209639  |4 prf 
710 2 |a Pražská komorní filharmonie  |7 kn20030215092  |4 prf 
910 |a BOA001  |b CD-0006.715 
964 |a Zpěv(mezzosoprán) a orchestr  |x CD 
964 |a Symfonie  |z stol.20.  |x CD 
990 |a AV 
996 6 |b 261H007123  |c CD-0006.715  |l MZK  |r Sklad / do 24 hodin  |n 0  |p p.v.  |w 000379423  |u 000010  |a 1  |e BOA001  |j MZK50  |s P